000 00624nam a2200205 a 4500
001 BRCA_2944
005 20190320204034.0
008 161208s1919----gw-a---###---#000-0#ger-u
050 4 _aF1211.S4
_b.S45 1919
100 1 _aSeler, Caecilie Sachs
_98191
245 1 0 _aFrauenleben im Reiche der Azteken
_bein Blatt aus der Kulturgeschichte alt-Mexikos
_cvon Caecilie Sachs Seler.
260 _aBerlin
_bDietrich Reimer
_c1919
300 _aviii, 106 p.
_bil.
_c20 cm.
500 _aB100
650 1 4 _aAztecas
_92396
650 1 4 _aIndios de México
_98192
650 1 4 _aViajeros alemanes
_97026
902 _aGFM
942 _2lcc
_cB
999 _c2683
_d2683